00489nam a2200157 a 450000100060000000300090000600800410001504000280005608200160008410000280010024500590012826000460018730000150023365000570024865000260030512272CO-ViMGA141112s2004 ck r 000 u spa d aCO-ViMGAbspacCO-ViMGA04a739.22 B15m1 aBanco de la Republica, 10aThe Gold Museum - Museo del Oro : bSus mejores piezas aBogotá, cBanco de la Republica, c2000 a135 p. il.14aBANCO DE LA REPUBLICA - MUSEO DEL ORO - EXPOSICIONES14aORFEBRERIA - COLOMBIA